[Event "DVM U20 2023"]
[Site "Magdeburg GER"]
[Date "2023.12.28"]
[Round "3"]
[White "Mohammadi Nia, Borna"]
[Black "Pivtorak, Illia"]
[Result "1-0"]
[Termination "normal"]
[Board "2.5"]
[WhiteElo "2170"]
[BlackElo "1684"]
[WhiteClock "00:15:34"]
[BlackClock "00:01:31"]
[WhiteTeam "SG Porz"]
[BlackTeam "SK König Plauen"]
[PlyCount "71"]
[WhiteFideId "16207319"]
[BlackFideId "14194317"]
[EventCountry "GER"]
[EventRounds "7"]
[EventType "team-swiss"]
[EventDate "2023.12.26"]

1. e4 {[%clk 01:30:57]} {[%emt 00:00:02]} e5 {[%clk 01:30:46]} {[%emt
00:00:16]} 2. Nf3 {[%clk 01:31:22]} {[%emt 00:00:04]} Nc6 {[%clk 01:31:04]}
{[%emt 00:00:12]} 3. Bb5 {[%clk 01:31:48]} {[%emt 00:00:03]} a6 {[%clk
01:31:20]} {[%emt 00:00:13]} 4. Ba4 {[%clk 01:32:11]} {[%emt 00:00:08]} Nf6
{[%clk 01:31:29]} {[%emt 00:00:20]} 5. O-O {[%clk 01:32:35]} {[%emt 00:00:07]}
b5 {[%clk 01:30:45]} {[%emt 00:01:15]} 6. Bb3 {[%clk 01:32:40]} {[%emt
00:00:24]} Bc5 {[%clk 01:31:05]} {[%emt 00:00:12]} 7. c3 {[%clk 01:31:56]}
{[%emt 00:01:12]} d6 {[%clk 01:20:49]} {[%emt 00:10:46]} 8. h3 {[%clk
01:29:31]} {[%emt 00:02:55]} O-O {[%clk 01:19:07]} {[%emt 00:02:12]} 9. d4
{[%clk 01:24:45]} {[%emt 00:05:17]} Bb6 {[%clk 01:17:13]} {[%emt 00:02:23]} 10.
Bg5 {[%clk 01:22:02]} {[%emt 00:03:12]} h6 {[%clk 01:12:19]} {[%emt 00:05:25]}
11. Bd5 {[%clk 01:13:08]} {[%emt 00:09:23]} Bd7 {[%clk 01:04:00]} {[%emt
00:08:50]} 12. Bxf6 {[%clk 01:11:33]} {[%emt 00:02:04]} Qxf6 {[%clk 01:02:56]}
{[%emt 00:01:35]} 13. dxe5 {[%clk 01:11:41]} {[%emt 00:00:21]} dxe5 {[%clk
01:02:07]} {[%emt 00:01:20]} 14. a4 {[%clk 01:11:39]} {[%emt 00:00:32]} Rad8
{[%clk 00:59:18]} {[%emt 00:03:18]} 15. axb5 {[%clk 01:09:21]} {[%emt
00:02:48]} Ne7 {[%clk 00:44:47]} {[%emt 00:15:03]} 16. Nbd2 {[%clk 01:00:45]}
{[%emt 00:09:03]} axb5 {[%clk 00:37:47]} {[%emt 00:07:31]} 17. Kh2 {[%clk
00:48:54]} {[%emt 00:12:20]} Nxd5 {[%clk 00:30:50]} {[%emt 00:07:28]} 18. exd5
{[%clk 00:48:38]} {[%emt 00:00:46]} Qf4+ {[%clk 00:30:28]} {[%emt 00:00:53]}
19. Kg1 {[%clk 00:44:27]} {[%emt 00:04:41]} Bf5 {[%clk 00:29:31]} {[%emt
00:01:27]} 20. Nb3 {[%clk 00:41:00]} {[%emt 00:03:57]} Be4 {[%clk 00:24:04]}
{[%emt 00:05:56]} 21. Qc1 {[%clk 00:32:50]} {[%emt 00:08:41]} Qf5 {[%clk
00:23:36]} {[%emt 00:00:59]} 22. Nbd2 {[%clk 00:30:46]} {[%emt 00:02:33]} Bxd5
{[%clk 00:23:15]} {[%emt 00:00:51]} 23. Re1 {[%clk 00:30:06]} {[%emt 00:01:10]}
Rfe8 {[%clk 00:14:32]} {[%emt 00:09:13]} 24. b3 {[%clk 00:28:17]} {[%emt
00:02:20]} Re6 {[%clk 00:10:25]} {[%emt 00:04:36]} 25. c4 {[%clk 00:24:12]}
{[%emt 00:04:34]} Bxf3 {[%clk 00:09:37]} {[%emt 00:01:18]} 26. Nxf3 {[%clk
00:24:36]} {[%emt 00:00:08]} Rg6 {[%clk 00:09:58]} {[%emt 00:00:08]} 27. Kh1
{[%clk 00:21:41]} {[%emt 00:03:25]} Bxf2 {[%clk 00:03:52]} {[%emt 00:06:36]}
28. Rf1 {[%clk 00:17:03]} {[%emt 00:05:07]} Rf6 {[%clk 00:00:42]} {[%emt
00:03:41]} 29. Rxf2 {[%clk 00:14:34]} {[%emt 00:02:59]} e4 {[%clk 00:01:04]}
{[%emt 00:00:08]} 30. Rd2 {[%clk 00:14:11]} {[%emt 00:00:52]} exf3 {[%clk
00:00:33]} {[%emt 00:01:01]} 31. Rxd8+ {[%clk 00:14:28]} {[%emt 00:00:14]} Kh7
{[%clk 00:00:56]} {[%emt 00:00:07]} 32. Qb1 {[%clk 00:14:10]} {[%emt 00:00:48]}
fxg2+ {[%clk 00:00:47]} {[%emt 00:00:38]} 33. Kg1 {[%clk 00:14:32]} {[%emt
00:00:08]} g6 {[%clk 00:00:50]} {[%emt 00:00:27]} 34. Qxf5 {[%clk 00:14:56]}
{[%emt 00:00:05]} Rxf5 {[%clk 00:01:17]} {[%emt 00:00:04]} 35. Kxg2 {[%clk
00:15:10]} {[%emt 00:00:16]} bxc4 {[%clk 00:01:31]} {[%emt 00:00:16]} 36. bxc4
{[%clk 00:15:34]} {[%emt 00:00:05]} 1-0

[Event "DVM U20 2023"]
[Site "Magdeburg GER"]
[Date "2023.12.28"]
[Round "3"]
[White "Bühring, Marwin"]
[Black "Sabirov, Rafael"]
[Result "0-1"]
[Termination "normal"]
[Board "2.6"]
[WhiteElo "1427"]
[BlackElo "2119"]
[WhiteClock "00:11:48"]
[BlackClock "00:01:47"]
[WhiteTeam "SK König Plauen"]
[BlackTeam "SG Porz"]
[PlyCount "124"]
[WhiteFideId "16281985"]
[BlackFideId "16241185"]
[EventCountry "GER"]
[EventRounds "7"]
[EventType "team-swiss"]
[EventDate "2023.12.26"]

1. e4 {[%clk 01:30:59]} {[%emt 00:00:02]} c5 {[%clk 01:30:51]} {[%emt
00:00:09]} 2. Nc3 {[%clk 01:31:25]} {[%emt 00:00:04]} e6 {[%clk 01:31:15]}
{[%emt 00:00:05]} 3. Nge2 {[%clk 01:31:52]} {[%emt 00:00:04]} d5 {[%clk
01:30:45]} {[%emt 00:01:01]} 4. exd5 {[%clk 01:32:15]} exd5 {[%clk 01:30:45]}
5. d4 {[%clk 01:32:37]} {[%emt 00:00:20]} Nf6 {[%clk 01:31:31]} 6. g3 {[%clk
01:32:31]} {[%emt 00:00:44]} Nc6 {[%clk 01:31:53]} 7. Bg2 {[%clk 01:32:48]}
{[%emt 00:00:21]} cxd4 {[%clk 01:32:11]} {[%emt 00:00:12]} 8. Nxd4 {[%clk
01:33:11]} {[%emt 00:00:07]} Bg4 {[%clk 01:32:34]} {[%emt 00:00:06]} 9. f3
{[%clk 01:26:49]} {[%emt 00:06:53]} Bd7 {[%clk 01:32:55]} {[%emt 00:00:09]} 10.
Be3 {[%clk 01:26:43]} {[%emt 00:00:36]} Bb4 {[%clk 01:30:12]} {[%emt 00:03:13]}
11. O-O {[%clk 01:25:49]} {[%emt 00:01:25]} Bxc3 {[%clk 01:18:12]} {[%emt
00:12:29]} 12. bxc3 {[%clk 01:26:13]} {[%emt 00:00:07]} O-O {[%clk 01:15:13]}
{[%emt 00:03:29]} 13. g4 {[%clk 01:21:40]} {[%emt 00:05:02]} Na5 {[%clk
01:08:20]} {[%emt 00:07:23]} 14. Nb3 {[%clk 01:18:08]} {[%emt 00:04:03]} Nc4
{[%clk 01:01:26]} {[%emt 00:07:23]} 15. Bd4 {[%clk 01:17:40]} {[%emt 00:00:59]}
Bc6 {[%clk 00:53:54]} {[%emt 00:08:01]} 16. h4 {[%clk 01:06:43]} {[%emt
00:11:28]} Nd7 {[%clk 00:48:10]} {[%emt 00:06:13]} 17. g5 {[%clk 01:04:03]}
{[%emt 00:03:10]} Re8 {[%clk 00:43:32]} {[%emt 00:05:08]} 18. f4 {[%clk
00:44:31]} {[%emt 00:20:03]} Ne3 {[%clk 00:35:14]} {[%emt 00:08:48]} 19. Qh5
{[%clk 00:39:48]} {[%emt 00:05:12]} Nxf1 {[%clk 00:24:46]} {[%emt 00:10:59]}
20. Bxf1 {[%clk 00:40:11]} {[%emt 00:00:07]} f5 {[%clk 00:21:42]} {[%emt
00:03:33]} 21. Bxg7 {[%clk 00:28:22]} {[%emt 00:12:20]} Qe7 {[%clk 00:12:22]}
{[%emt 00:09:50]} 22. Bd4 {[%clk 00:24:49]} {[%emt 00:04:03]} Nf8 {[%clk
00:08:46]} {[%emt 00:04:06]} 23. Bd3 {[%clk 00:22:12]} {[%emt 00:03:06]} Bd7
{[%clk 00:08:20]} {[%emt 00:00:56]} 24. Nc5 {[%clk 00:18:24]} {[%emt 00:04:19]}
b6 {[%clk 00:03:36]} {[%emt 00:05:14]} 25. Nxd7 {[%clk 00:18:29]} {[%emt
00:00:23]} Qxd7 {[%clk 00:03:59]} {[%emt 00:00:07]} 26. Qh6 {[%clk 00:18:37]}
{[%emt 00:00:23]} Re6 {[%clk 00:02:44]} {[%emt 00:01:45]} 27. Qh5 {[%clk
00:17:14]} {[%emt 00:01:53]} Re7 {[%clk 00:03:01]} {[%emt 00:00:13]} 28. Bf6
{[%clk 00:16:02]} {[%emt 00:01:41]} Re4 {[%clk 00:01:57]} {[%emt 00:01:34]} 29.
Bxe4 {[%clk 00:15:05]} {[%emt 00:01:28]} dxe4 {[%clk 00:02:20]} {[%emt
00:00:07]} 30. Rd1 {[%clk 00:13:51]} {[%emt 00:01:44]} Qf7 {[%clk 00:01:46]}
{[%emt 00:01:05]} 31. Qxf7+ Kxf7 {[%clk 00:02:15]} 32. h5 {[%clk 00:10:58]}
{[%emt 00:00:13]} Ke6 {[%clk 00:02:39]} {[%emt 00:00:06]} 33. Be5 {[%clk
00:10:30]} {[%emt 00:00:58]} Nd7 {[%clk 00:00:35]} {[%emt 00:02:34]} 34. Bc7
{[%clk 00:07:56]} {[%emt 00:03:03]} Rc8 {[%clk 00:00:35]} {[%emt 00:00:29]} 35.
Rd6+ {[%clk 00:08:20]} {[%emt 00:00:07]} Ke7 {[%clk 00:01:00]} {[%emt
00:00:06]} 36. Rc6 {[%clk 00:08:45]} {[%emt 00:00:05]} Kf7 {[%clk 00:00:33]}
{[%emt 00:00:56]} 37. Kf2 {[%clk 00:07:03]} {[%emt 00:02:11]} Kg8 {[%clk
00:00:51]} {[%emt 00:00:13]} 38. Ke3 {[%clk 00:05:18]} {[%emt 00:02:15]} Nc5
{[%clk 00:01:06]} {[%emt 00:00:15]} 39. Kd4 {[%clk 00:04:14]} {[%emt 00:01:35]}
Na6 {[%clk 00:01:26]} {[%emt 00:00:09]} 40. Rf6 {[%clk 00:04:30]} {[%emt
00:00:15]} Rxc7 {[%clk 00:01:19]} {[%emt 00:00:37]} 41. Rxf5 {[%clk 00:04:52]}
{[%emt 00:00:07]} Re7 {[%clk 00:23:28]} {[%emt 00:08:21]} 42. Re5 {[%clk
00:35:13]} {[%emt 00:00:11]} Rxe5 {[%clk 00:23:11]} {[%emt 00:00:45]} 43. fxe5
{[%clk 00:35:38]} {[%emt 00:00:05]} Nc5 {[%clk 00:23:07]} {[%emt 00:00:34]} 44.
Ke3 {[%clk 00:31:44]} {[%emt 00:04:24]} Kf7 {[%clk 00:23:27]} {[%emt 00:00:10]}
45. Kf4 {[%clk 00:31:59]} {[%emt 00:00:15]} Ke6 {[%clk 00:16:40]} {[%emt
00:07:17]} 46. c4 {[%clk 00:26:38]} {[%emt 00:05:51]} a6 {[%clk 00:12:30]}
{[%emt 00:04:40]} 47. g6 {[%clk 00:25:03]} {[%emt 00:02:05]} hxg6 {[%clk
00:04:15]} {[%emt 00:08:46]} 48. hxg6 {[%clk 00:25:23]} {[%emt 00:00:10]} a5
{[%clk 00:03:08]} {[%emt 00:01:38]} 49. a3 {[%clk 00:24:52]} {[%emt 00:00:59]}
Ke7 {[%clk 00:00:42]} {[%emt 00:02:56]} 50. a4 {[%clk 00:18:49]} {[%emt
00:06:33]} Nxa4 {[%clk 00:00:44]} {[%emt 00:00:28]} 51. Kxe4 {[%clk 00:19:12]}
{[%emt 00:00:08]} Nc5+ {[%clk 00:01:05]} {[%emt 00:00:08]} 52. Kd4 {[%clk
00:18:28]} {[%emt 00:01:14]} Ne6+ {[%clk 00:01:18]} {[%emt 00:00:17]} 53. Kc3
{[%clk 00:18:11]} {[%emt 00:00:47]} Kf8 {[%clk 00:00:55]} {[%emt 00:00:53]} 54.
Kd3 {[%clk 00:13:48]} {[%emt 00:04:52]} Kg7 {[%clk 00:01:18]} {[%emt 00:00:07]}
55. Ke4 {[%clk 00:14:11]} {[%emt 00:00:07]} Kxg6 {[%clk 00:01:09]} {[%emt
00:00:39]} 56. Kd5 {[%clk 00:14:33]} {[%emt 00:00:08]} Kf7 {[%clk 00:00:57]}
{[%emt 00:00:42]} 57. Ke4 {[%clk 00:13:45]} {[%emt 00:01:19]} Ke7 {[%clk
00:01:12]} {[%emt 00:00:14]} 58. Kd5 {[%clk 00:12:44]} {[%emt 00:01:31]} a4
{[%clk 00:01:12]} {[%emt 00:00:30]} 59. c5 {[%clk 00:12:53]} a3 {[%clk
00:00:38]} {[%emt 00:01:26]} 60. cxb6 {[%clk 00:13:18]} {[%emt 00:00:05]} Nd8
{[%clk 00:01:02]} {[%emt 00:00:05]} 61. e6 {[%clk 00:11:33]} {[%emt 00:02:15]}
a2 {[%clk 00:01:22]} {[%emt 00:00:10]} 62. b7 {[%clk 00:11:48]} {[%emt
00:00:15]} Nxb7 {[%clk 00:01:47]} {[%emt 00:00:05]} 0-1

[Event "DVM U20 2023"]
[Site "Magdeburg GER"]
[Date "2023.12.28"]
[Round "3"]
[White "Dauner, Benedikt"]
[Black "Kanzow, Alexander"]
[Result "1/2-1/2"]
[Termination "normal"]
[Board "3.1"]
[WhiteTitle "FM"]
[WhiteElo "2390"]
[BlackElo "1839"]
[WhiteClock "00:01:51"]
[BlackClock "00:06:49"]
[WhiteTeam "Karlsruher SF 1853"]
[BlackTeam "KSV Rochade Göttingen (Veltheim)"]
[PlyCount "162"]
[WhiteFideId "16225899"]
[BlackFideId "16225414"]
[EventCountry "GER"]
[EventRounds "7"]
[EventType "team-swiss"]
[EventDate "2023.12.26"]

1. d4 {[%clk 01:30:52]} {[%emt 00:00:08]} Nf6 {[%clk 01:30:37]} {[%emt
00:00:23]} 2. Nc3 {[%clk 01:31:14]} {[%emt 00:00:08]} d5 {[%clk 01:30:48]}
{[%emt 00:00:19]} 3. Bf4 {[%clk 01:31:36]} {[%emt 00:00:08]} g6 {[%clk
01:29:52]} {[%emt 00:01:26]} 4. e3 {[%clk 01:31:50]} {[%emt 00:00:16]} Bg7
{[%clk 01:30:02]} {[%emt 00:00:20]} 5. Nf3 {[%clk 01:32:09]} {[%emt 00:00:12]}
O-O {[%clk 01:30:15]} {[%emt 00:00:17]} 6. Be2 {[%clk 01:32:34]} {[%emt
00:00:05]} c5 {[%clk 01:28:54]} {[%emt 00:01:51]} 7. dxc5 {[%clk 01:32:46]}
{[%emt 00:00:19]} Qa5 {[%clk 01:27:53]} {[%emt 00:01:31]} 8. Nd2 {[%clk
01:33:03]} {[%emt 00:00:12]} Qxc5 {[%clk 01:27:37]} {[%emt 00:00:45]} 9. Nb3
{[%clk 01:33:25]} {[%emt 00:00:08]} Qb6 {[%clk 01:22:38]} {[%emt 00:05:30]} 10.
Nb5 {[%clk 01:33:34]} {[%emt 00:00:21]} Ne8 {[%clk 01:16:10]} {[%emt 00:06:58]}
11. Qxd5 {[%clk 01:33:13]} {[%emt 00:00:51]} Bxb2 {[%clk 01:09:35]} {[%emt
00:07:05]} 12. Rb1 {[%clk 01:33:25]} {[%emt 00:00:18]} Bg7 {[%clk 01:06:53]}
{[%emt 00:03:11]} 13. O-O {[%clk 01:30:24]} {[%emt 00:03:31]} Nc6 {[%clk
01:02:22]} {[%emt 00:05:01]} 14. Qc5 {[%clk 01:27:10]} {[%emt 00:03:44]} e5
{[%clk 00:54:27]} {[%emt 00:08:25]} 15. Bg3 {[%clk 01:25:26]} {[%emt 00:02:13]}
Bf5 {[%clk 00:50:21]} {[%emt 00:04:36]} 16. Bd3 {[%clk 01:20:38]} {[%emt
00:05:19]} Be6 {[%clk 00:41:55]} {[%emt 00:08:56]} 17. Qa3 {[%clk 01:12:55]}
{[%emt 00:08:12]} a6 {[%clk 00:35:27]} {[%emt 00:06:59]} 18. Nc3 {[%clk
01:13:12]} {[%emt 00:00:13]} Qb4 {[%clk 00:35:14]} {[%emt 00:00:43]} 19. Qxb4
{[%clk 01:12:46]} {[%emt 00:00:56]} Nxb4 {[%clk 00:35:42]} {[%emt 00:00:02]}
20. Nc5 {[%clk 01:04:43]} {[%emt 00:08:32]} Nxd3 {[%clk 00:33:11]} {[%emt
00:03:01]} 21. cxd3 {[%clk 01:00:52]} {[%emt 00:04:20]} b5 {[%clk 00:18:31]}
{[%emt 00:15:11]} 22. Nxe6 {[%clk 01:00:10]} {[%emt 00:01:13]} fxe6 {[%clk
00:18:59]} {[%emt 00:00:01]} 23. Ne4 {[%clk 00:58:39]} {[%emt 00:02:00]} Rf7
{[%clk 00:16:19]} {[%emt 00:03:11]} 24. Rfc1 {[%clk 00:55:38]} {[%emt
00:03:30]} Rd7 {[%clk 00:15:15]} {[%emt 00:01:35]} 25. Nc5 {[%clk 00:55:26]}
{[%emt 00:00:42]} Re7 {[%clk 00:15:32]} {[%emt 00:00:12]} 26. Kf1 {[%clk
00:51:33]} {[%emt 00:04:23]} Nd6 {[%clk 00:14:39]} {[%emt 00:01:22]} 27. Ke2
{[%clk 00:51:49]} {[%emt 00:00:16]} Nf5 {[%clk 00:14:02]} {[%emt 00:01:07]} 28.
Ne4 {[%clk 00:51:39]} {[%emt 00:00:39]} h6 {[%clk 00:09:34]} {[%emt 00:04:58]}
29. Rc5 {[%clk 00:51:22]} {[%emt 00:00:47]} Kf7 {[%clk 00:06:11]} {[%emt
00:03:53]} 30. Rbc1 {[%clk 00:51:23]} {[%emt 00:00:30]} Nxg3+ {[%clk 00:06:20]}
{[%emt 00:00:20]} 31. Nxg3 {[%clk 00:50:37]} {[%emt 00:01:16]} Raa7 {[%clk
00:06:22]} {[%emt 00:00:30]} 32. Ne4 {[%clk 00:50:43]} {[%emt 00:00:22]} Red7
{[%clk 00:06:15]} {[%emt 00:00:38]} 33. h4 {[%clk 00:49:29]} {[%emt 00:01:44]}
b4 {[%clk 00:04:45]} {[%emt 00:02:00]} 34. g4 {[%clk 00:49:23]} {[%emt
00:00:36]} a5 {[%clk 00:04:43]} {[%emt 00:00:33]} 35. Rb5 {[%clk 00:48:51]}
{[%emt 00:01:01]} Bf8 {[%clk 00:04:13]} {[%emt 00:01:00]} 36. Rc8 {[%clk
00:27:40]} {[%emt 00:21:41]} Rdb7 {[%clk 00:03:19]} {[%emt 00:01:23]} 37. Rxb7+
{[%clk 00:27:45]} {[%emt 00:00:26]} Rxb7 {[%clk 00:03:48]} {[%emt 00:00:01]}
38. Ra8 {[%clk 00:28:04]} {[%emt 00:00:11]} Be7 {[%clk 00:02:22]} {[%emt
00:01:56]} 39. Rxa5 {[%clk 00:27:32]} {[%emt 00:01:02]} Rc7 {[%clk 00:02:44]}
{[%emt 00:00:06]} 40. h5 {[%clk 00:26:05]} {[%emt 00:01:58]} gxh5 {[%clk
00:02:52]} {[%emt 00:00:23]} 41. gxh5 {[%clk 00:26:28]} {[%emt 00:00:06]} Rc2+
{[%clk 00:01:41]} {[%emt 00:01:42]} 42. Kf3 {[%clk 00:26:33]} {[%emt 00:00:25]}
Bh4 {[%clk 00:01:32]} {[%emt 00:00:38]} 43. Ra7+ {[%clk 00:26:55]} {[%emt
00:00:08]} Kf8 {[%clk 00:30:26]} {[%emt 00:01:35]} 44. Ra8+ {[%clk 00:55:33]}
{[%emt 00:01:54]} Kf7 {[%clk 00:27:55]} {[%emt 00:03:00]} 45. Ra4 {[%clk
00:55:04]} {[%emt 00:01:00]} Rb2 {[%clk 00:27:24]} {[%emt 00:01:01]} 46. Nd6+
{[%clk 00:53:37]} {[%emt 00:01:56]} Ke7 {[%clk 00:26:11]} {[%emt 00:01:39]} 47.
Nc4 {[%clk 00:51:07]} {[%emt 00:03:05]} Rxf2+ {[%clk 00:26:27]} {[%emt
00:00:15]} 48. Ke4 {[%clk 00:51:22]} {[%emt 00:00:14]} Bg3 {[%clk 00:24:27]}
{[%emt 00:02:30]} 49. Ra8 {[%clk 00:46:35]} {[%emt 00:05:17]} Rh2 {[%clk
00:21:44]} {[%emt 00:03:12]} 50. Kf3 {[%clk 00:39:53]} {[%emt 00:07:13]} Be1
{[%clk 00:21:58]} {[%emt 00:00:17]} 51. Nxe5 {[%clk 00:39:48]} {[%emt
00:00:35]} Rxh5 {[%clk 00:20:52]} {[%emt 00:01:36]} 52. Ng6+ {[%clk 00:39:50]}
{[%emt 00:00:27]} Kf7 {[%clk 00:18:00]} {[%emt 00:03:20]} 53. Nf4 {[%clk
00:40:12]} {[%emt 00:00:11]} Rf5 {[%clk 00:14:31]} {[%emt 00:03:59]} 54. Ra7+
{[%clk 00:40:11]} {[%emt 00:00:31]} Ke8 {[%clk 00:12:48]} {[%emt 00:02:12]} 55.
Ke4 {[%clk 00:37:03]} {[%emt 00:03:39]} Bg3 {[%clk 00:13:05]} {[%emt 00:00:13]}
56. Ra6 {[%clk 00:33:03]} {[%emt 00:04:31]} Kf7 {[%clk 00:10:14]} {[%emt
00:03:19]} 57. Nxe6 {[%clk 00:32:57]} {[%emt 00:00:37]} Rf2 {[%clk 00:09:34]}
{[%emt 00:01:06]} 58. d4 {[%clk 00:29:26]} {[%emt 00:04:04]} h5 {[%clk
00:09:28]} {[%emt 00:00:36]} 59. Ng5+ {[%clk 00:25:23]} {[%emt 00:04:34]} Ke7
{[%clk 00:09:34]} {[%emt 00:00:23]} 60. Ra4 {[%clk 00:15:33]} {[%emt 00:10:22]}
Kf6 {[%clk 00:06:45]} {[%emt 00:03:17]} 61. Nh3 {[%clk 00:12:43]} {[%emt
00:03:21]} Rh2 {[%clk 00:06:51]} {[%emt 00:00:23]} 62. Ra6+ {[%clk 00:11:29]}
{[%emt 00:01:45]} Ke7 {[%clk 00:06:55]} {[%emt 00:00:26]} 63. Nf4 {[%clk
00:08:03]} {[%emt 00:03:55]} h4 {[%clk 00:05:46]} {[%emt 00:01:40]} 64. Nd5+
{[%clk 00:04:09]} {[%emt 00:04:24]} Kf7 {[%clk 00:06:06]} {[%emt 00:00:08]} 65.
Nxb4 {[%clk 00:04:31]} {[%emt 00:00:09]} Rf2 {[%clk 00:05:38]} {[%emt
00:00:57]} 66. Nd3 {[%clk 00:04:45]} {[%emt 00:00:17]} Rf1 {[%clk 00:05:47]}
{[%emt 00:00:21]} 67. Nf4 {[%clk 00:03:55]} {[%emt 00:01:19]} Bxf4 {[%clk
00:06:02]} {[%emt 00:00:17]} 68. exf4 {[%clk 00:04:20]} {[%emt 00:00:05]} Kg7
{[%clk 00:05:03]} {[%emt 00:01:28]} 69. f5 {[%clk 00:02:21]} {[%emt 00:02:29]}
Re1+ {[%clk 00:03:33]} {[%emt 00:02:01]} 70. Kf4 {[%clk 00:02:44]} {[%emt
00:00:06]} Rd1 {[%clk 00:03:55]} {[%emt 00:00:09]} 71. Rd6 {[%clk 00:01:52]}
{[%emt 00:01:22]} h3 {[%clk 00:04:02]} {[%emt 00:00:22]} 72. Kg3 {[%clk
00:01:06]} {[%emt 00:01:17]} Rd3+ {[%clk 00:04:23]} {[%emt 00:00:08]} 73. Kh2
{[%clk 00:01:33]} {[%emt 00:00:04]} Ra3 {[%clk 00:04:46]} {[%emt 00:00:07]} 74.
Rg6+ {[%clk 00:00:49]} {[%emt 00:01:13]} Kf7 {[%clk 00:05:07]} {[%emt
00:00:10]} 75. Rg3 {[%clk 00:00:32]} {[%emt 00:00:47]} Rxa2+ {[%clk 00:05:21]}
{[%emt 00:00:18]} 76. Kxh3 {[%clk 00:00:57]} {[%emt 00:00:04]} Rd2 {[%clk
00:05:14]} {[%emt 00:00:36]} 77. Kg4 {[%clk 00:00:33]} {[%emt 00:00:54]} Kf6
{[%clk 00:05:24]} {[%emt 00:00:20]} 78. Rf3 {[%clk 00:00:39]} {[%emt 00:00:24]}
Rxd4+ {[%clk 00:05:46]} {[%emt 00:00:08]} 79. Rf4 {[%clk 00:01:02]} {[%emt
00:00:07]} Rxf4+ {[%clk 00:06:01]} {[%emt 00:00:15]} 80. Kxf4 {[%clk 00:01:28]}
{[%emt 00:00:04]} Kf7 {[%clk 00:06:23]} {[%emt 00:00:07]} 81. f6 {[%clk
00:01:51]} {[%emt 00:00:07]} Kxf6 {[%clk 00:06:49]} {[%emt 00:00:05]} 1/2-1/2